|
|
|
|
| LEADER |
00000nam0a2200000 4500 |
| 001 |
202515 |
| 005 |
20231031185406.0 |
| 010 |
|
|
|a 0127443800
|
| 035 |
|
|
|a (RuTPU)RU\TPU\book\220677
|
| 090 |
|
|
|a 202515
|
| 100 |
|
|
|a 20111014d1979 km y0rusy50 ca
|
| 101 |
0 |
|
|a eng
|
| 102 |
|
|
|a GB
|
| 105 |
|
|
|a a z 001zy
|
| 200 |
1 |
|
|a Introduction Physical System Modelling
|e Control Systems Centre, University of Manchester Institute of Science and Technology
|f P. E. Wellstead
|
| 210 |
|
|
|a London
|c Academic Press
|d 1979
|a New York
|
| 215 |
|
|
|a 279 p.
|c il.
|
| 320 |
|
|
|a Subject Index: p. 275-279.
|
| 610 |
1 |
|
|a физика
|
| 610 |
1 |
|
|a физические модели
|
| 610 |
1 |
|
|a системы контроля
|
| 610 |
1 |
|
|a английский язык
|
| 675 |
|
|
|a 53.07
|v 3
|
| 700 |
|
1 |
|a Wellstead
|b P. E.
|
| 801 |
|
1 |
|a RU
|b 63413507
|c 20111014
|
| 801 |
|
2 |
|a RU
|b 63413507
|c 20111110
|g RCR
|
| 942 |
|
|
|c BK
|